000
00342nam a2200133Ia 4500
008
151001s9999||||xx |||||||||||||| ||und||
100
_a
ना ह आपटे
245
_a
सुखाचा मूलमंत्र
250
_a
1
260
_b
आमुना प्रकाशन
260
_c
1956
300
_a
211
365
_b
7
999
_c
952380
_d
952377